| 000 | 00802cam a2200253 4500 | ||
|---|---|---|---|
| 001 | J92763 | ||
| 008 | 090401t1998 xxu||||| |||| 00| 0 eng d | ||
| 035 | _a(Sirsi) u87292 | ||
| 041 | _aeng | ||
| 050 | _a692.9 | ||
| 110 |
_aJoint Contracts Tribunal _93664 |
||
| 245 | _aStandard Form of Nominated Sub-Contract Tender NSC/T Articles of Nominated Sub-Contract Agreement NSC/A 1991 edition ... Amendment 3 issued April 1998. | ||
| 260 |
_aLondon _bRIBA Publications _c1998 |
||
| 300 | _a4p. ; 30cm. | ||
| 350 | _a0 | ||
| 650 | _aAMENDMENT 3 | ||
| 650 | _aNSC/A | ||
| 650 | _aBUILT ENVIRONMENT-BUILDING CONTRACT FORMS | ||
| 650 | _aNSC/T 1991 | ||
| 650 | _aSTANDARD FORM OF NOMINATED SUBCONTRACT | ||
| 690 | _aBUILT ENVIRONMENT-BUILDING CONTRACT FORMS | ||
| 942 | _n0 | ||
| 948 | _c08/07/1998 | ||
| 999 |
_c97212 _d97212 |
||